Name an Island Country A-Z - Statistics

General Stats
  • This quiz has been taken 81,125 times
  • The average score is 15 of 18
Answer Stats
Letter Country % Correct
C Cape Verde | Comoros | Cuba | Cyprus
94%
B Bahamas | Bahrain | Barbados | Brunei
93%
S Samoa | São Tomé and Príncipe | Seychelles | Singapore | Solomon Islands | Sri Lanka | St. Kitts and Nevis | St. Lucia | St. Vincent and the Grenadines
93%
M Madagascar | Maldives | Malta | Marshall Islands | Mauritius
93%
J Jamaica | Japan
91%
T Taiwan | Tonga | Trinidad and Tobago | Tuvalu
91%
I Iceland | Indonesia | Ireland
89%
P Palau | Papua New Guinea | Philippines
89%
N Nauru | New Zealand
86%
F F. S. Micronesia | Fiji
85%
V Vanuatu
85%
A Antigua and Barbuda
83%
H Haiti
80%
D Dominica | Dominican Republic
79%
K Kiribati
75%
G Grenada
65%
U United Kingdom
58%
E East Timor
45%
No matching quizzes found
Score Distribution
Percent of People with Each Score
Percentile by Number Answered
Your Score History
You have not taken this quiz